000 01325nam2a2200277 4500
001 RU\NLR\BIBL_A\012529640
005 20250624060749.0
010 _a978-5-91932-016-6
_9300
035 _a(NLR Aleph) 012529640
090 _a12359118
_c12359118
100 _a20210527d2020 |||y0rusy50 ca
101 0 _arus
_deng
102 _aRU
105 _aa z 000yy
200 1 _aФилософско-методологический анализ творческих процессов
_fпод ред. д.филос.н., проф. Смирновой Н.М., д.филос.н. Бесковой И.А.
210 _d2020
_aБ. м.
215 _a368, [4] с.
_cил.
_d21
300 _aРез. на англ. яз.
320 _aБиблиогр. в конце ст. и в подстроч. примеч.
461 0 _1001RU\NLR\BIBL_A\012504875
_12001#$aФилософия творчества$eежегодник$fИн-т философии Рос. акад. наук$vВып. 6
_912247545
_cМосква
_d2020 -
_fИн-т философии Рос. акад. наук
_nГолос
_oежегодник
_tФилософия творчества
_vВып. 6
702 1 _aСмирнова
_bН.М.
_gНаталия Михайловна
_4340
852 _aNLR
_jП25/724
942 _cISSUE
980 _aNB
980 _aRUSPER